[Event "World Blitz 2016"]
[Site "Doha QAT"]
[Date "2016.12.30"]
[Round "16.28"]
[White "Moiseenko, Alexander"]
[Black "Christiansen, Johan-Sebastian"]
[Result "0-1"]
[WhiteTitle "GM"]
[BlackTitle "IM"]
[WhiteElo "2657"]
[BlackElo "2429"]
[WhiteFideId "14102560"]
[BlackFideId "1512668"]
[EventDate "2016.12.29"]

1. d4 Nf6 2. Bg5 d5 3. e3 c5 4. Bxf6 gxf6 5. dxc5 e6 6. c4 Qa5+ 7. Nc3 dxc4 8.
Bxc4 Bxc5 9. Nf3 a6 10. O-O Be7 11. Nd4 Nd7 12. Be2 O-O 13. Rc1 Kh8 14. Bf3 Ne5
15. Be4 f5 16. Bb1 b5 17. f4 Ng4 18. Qf3 Qb6 19. h3 Bb7 20. Qe2 Nf6 21. Nf3 Bc5
22. Rce1 Bxf3 23. Rxf3 Rad8 24. Kh2 Qa5 25. a3 b4 26. axb4 Bxb4 27. Rc1 Rc8 28.
e4 fxe4 29. Bxe4 Qh5 30. Bb1 Bd6 31. Kh1 Rg8 32. Rd1 Bb8 33. Ne4 Nd5 34. f5 Nf4
35. Qf1 Rxg2 36. fxe6 fxe6 37. Nf6 Qh4 38. Rd7 Qxf6 39. Rxh7+ Kg8 40. Qxg2+ Nxg2
41. Rxf6 Ne3 42. Rg6+ Kxh7 43. Rxe6+ Kg7 44. Rxe3 Rc1+ 45. Kg2 Rxb1 46. Rb3 Be5
47. Kf3 Rxb2 48. Ra3 Rb6 49. Ke4 Bf6 50. Kd5 Be7 51. Ra2 Rh6 52. Re2 Bd8 53. Re8
Bf6 54. Ra8 a5 55. Ke6 Bc3+ 56. Kf5 Rxh3 57. Rb8 Bb4 58. Rb7+ Kf8 59. Ke6 Re3+
60. Kd5 Ke8 61. Ra7 Kd8 62. Kc6 Rc3+ 63. Kb5 Rc7 64. Ra6 Kd7 65. Rg6 Rc5+ 66.
Ka4 Re5 67. Ra6 Kc7 68. Rg6 Rd5 69. Re6 Rd6 70. Re4 Kb6 71. Re8 Kc5 72. Re5+ Kd4
73. Rh5 Bd2 74. Rh4+ Kd3 75. Rh3+ Kc2 76. Rh5 Rd4+ 77. Kb5 a4 78. Kc5 Rg4 79.
Rh3 Bc3 80. Rh2+ Kb3 81. Rh7 a3 82. Rb7+ Bb4+ 0-1

[Event "World Blitz 2016"]
[Site "Doha QAT"]
[Date "2016.12.30"]
[Round "16.29"]
[White "Lalith, Babu M R"]
[Black "Bok, Benjamin"]
[Result "0-1"]
[WhiteTitle "GM"]
[BlackTitle "GM"]
[WhiteElo "2587"]
[BlackElo "2598"]
[WhiteFideId "5024595"]
[BlackFideId "1017063"]
[EventDate "2016.12.29"]

1. Nf3 Nf6 2. c4 e6 3. d4 d5 4. Nc3 Nbd7 5. cxd5 exd5 6. Bg5 c6 7. e3 Be7 8. Bd3
h6 9. Bh4 O-O 10. O-O Ne4 11. Bxe7 Qxe7 12. Qc2 Re8 13. b4 a6 14. Bxe4 dxe4 15.
Nd2 Nf6 16. Rab1 Bf5 17. Rfe1 h5 18. a4 h4 19. h3 Qe6 20. Kh2 Nd5 21. Nxd5 cxd5
22. Rbc1 Qd6+ 23. Kh1 Qxb4 24. Rb1 Qa5 25. Rxb7 Rac8 26. Qa2 Be6 27. Reb1 Rc3
28. Nb3 Qd8 29. Nc5 Rc4 30. Qe2 Qf6 31. Rb8 Rxb8 32. Rxb8+ Kh7 33. Qh5+ Qh6 34.
Qxh6+ Kxh6 35. Rb6 Kh7 36. Rxa6 Rc2 37. Nxe6 fxe6 38. Rxe6 Rxf2 39. Re5 Re2 40.
Rxd5 Rxe3 41. Rh5+ Kg6 42. Rxh4 Kf5 43. Kg1 Ra3 44. Rh8 e3 45. Re8 Kf4 46. Kh2
Rxa4 47. d5 Rd4 48. Rf8+ Ke4 49. Re8+ Kd3 50. Kg3 Rxd5 51. Re7 e2 52. Kf4 Kd2
53. g4 g5+ 54. Kg3 e1=Q+ 55. Rxe1 Kxe1 56. h4 Rd3+ 0-1

[Event "World Blitz 2016"]
[Site "Doha QAT"]
[Date "2016.12.30"]
[Round "16.31"]
[White "Pantsulaia, Levan"]
[Black "Atabayev, Maksat"]
[Result "1-0"]
[WhiteTitle "GM"]
[BlackTitle "GM"]
[WhiteElo "2607"]
[BlackElo "2492"]
[WhiteFideId "13602071"]
[BlackFideId "14001101"]
[EventDate "2016.12.29"]

1. Nf3 d5 2. g3 Nf6 3. Bg2 c6 4. c4 e6 5. O-O Be7 6. b3 O-O 7. Bb2 b6 8. d3 Bb7
9. Nbd2 dxc4 10. bxc4 c5 11. Bc3 Nc6 12. Qc2 Qc7 13. Qb2 Rfd8 14. Rfb1 Ne8 15.
Ne4 h6 16. a4 f5 17. Ned2 Bf6 18. Nb3 Bxc3 19. Qxc3 Nf6 20. a5 Nb4 21. Nh4 Bxg2
22. Nxg2 e5 23. Ne3 f4 24. Nc2 Nc6 25. axb6 axb6 26. Nd2 Nd4 27. Nxd4 exd4 28.
Qb2 Rxa1 29. Rxa1 Re8 30. Nf3 Kh7 31. Ra6 Re6 32. Qa2 Qe7 33. Kf1 fxg3 34. hxg3
Qf7 35. Qb2 Nd7 36. Ra7 Re7 37. Qb5 Qe6 38. Kg2 g5 39. Rc7 Nf6 40. Rxe7+ Qxe7
41. Qxb6 Kg6 42. Kf1 h5 43. Qc6 h4 44. gxh4 g4 45. Ng5 Qa7 46. Ne4 1-0

[Event "World Blitz 2016"]
[Site "Doha QAT"]
[Date "2016.12.30"]
[Round "16.32"]
[White "Kozul, Zdenko"]
[Black "Maghsoodloo, Parham"]
[Result "0-1"]
[WhiteTitle "GM"]
[BlackTitle "GM"]
[WhiteElo "2613"]
[BlackElo "2584"]
[WhiteFideId "14502879"]
[BlackFideId "12539929"]
[EventDate "2016.12.29"]

1. d4 Nf6 2. Nf3 g6 3. c4 Bg7 4. Nc3 d5 5. Qb3 dxc4 6. Qxc4 O-O 7. e4 Be6 8. Qd3
c5 9. d5 Bc8 10. Be2 b6 11. O-O Nfd7 12. Bf4 Ba6 13. Qd2 Bxe2 14. Qxe2 e5 15.
Be3 a6 16. a4 h6 17. Rfd1 f5 18. g3 f4 19. Bc1 g5 20. Nd2 Nf6 21. g4 h5 22. h3
hxg4 23. hxg4 Ne8 24. f3 Nd6 25. Nc4 Nxc4 26. Qxc4 Qd6 27. Bd2 Nd7 28. Be1 Rf6
29. Kg2 Rh6 30. Bf2 Nf6 31. Rh1 Qd7 32. Rxh6 Bxh6 33. Rh1 Bf8 34. d6+ Qf7 35.
Qxf7+ Kxf7 36. a5 Bxd6 37. axb6 Rb8 38. Na4 Nd7 39. Rh7+ Ke6 40. Rh6+ Ke7 41. b3
Nxb6 42. Nxc5 Nc8 43. Rh7+ Ke8 44. Rh8+ Ke7 45. Nxa6 Ra8 46. Nc5 Bxc5 47. Bxc5+
Kd7 48. Rh6 Ra2+ 49. Kf1 Rb2 50. b4 Rb3 51. Ke2 Rb2+ 52. Kd1 Rb3 53. Rh3 Kc6 54.
Kc2 Ra3 55. Rh8 Na7 56. Ra8 Nb5 57. Rxa3 Nxa3+ 58. Kd3 Kd7 59. Bf8 Ke6 60. Bc5
Kd7 61. Kc3 Nb1+ 62. Kc2 Na3+ 63. Kb3 Nb1 64. Kc2 Na3+ 65. Kb2 Nc4+ 66. Kc3 Na3
67. Bf2 Kc6 68. Bc5 Kd7 69. Bb6 Ke7 70. Kb3 Nb1 71. Kc2 Na3+ 72. Kd3 Kd7 73. Bc5
Ke6 74. Kc3 Nb1+ 75. Kc2 Na3+ 76. Kb3 Nb1 77. b5 Nd2+ 78. Kb4 Nxf3 79. b6 Kd7
80. Kb5 Nd4+ 81. Bxd4 exd4 82. Kc4 f3 83. Kd3 Kc6 84. e5 Kxb6 85. e6 Kc6 0-1

[Event "World Blitz 2016"]
[Site "Doha QAT"]
[Date "2016.12.30"]
[Round "16.33"]
[White "Nguyen, Ngoc Truong Son"]
[Black "Tregubov, Pavel V."]
[Result "1-0"]
[WhiteTitle "GM"]
[BlackTitle "GM"]
[WhiteElo "2629"]
[BlackElo "2585"]
[WhiteFideId "12401110"]
[BlackFideId "4115341"]
[EventDate "2016.12.29"]

1. d4 Nf6 2. Nf3 e6 3. Bf4 d5 4. e3 c5 5. c3 Bd6 6. Bg3 O-O 7. Nbd2 Nc6 8. Bd3
b6 9. e4 Be7 10. e5 Nh5 11. a3 a5 12. Qe2 Bb7 13. O-O Nxg3 14. hxg3 Qc8 15. Kh2
Ba6 16. Rh1 Bxd3 17. Qxd3 Qa6 18. Qe3 cxd4 19. cxd4 Rfc8 20. g4 Bf8 21. Kg3 h6
22. Rh5 Ne7 23. Rah1 Rc2 24. R1h3 Rac8 25. Kh2 Rxb2 26. g5 Nf5 27. Qf4 g6 28.
Rxh6 Bxh6 29. gxh6 Qb7 30. g4 Qe7 31. gxf5 exf5 32. Kg2 Kh8 33. h7 Qf8 34. Ng5
Qg7 35. e6 fxe6 36. Nxe6 Qf6 37. Ng5 Re8 38. Ndf3 Rbe2 39. Ne5 Re7 40. Rh6 Rg7
41. Ngf7+ Rxf7 42. Nxg6+ 1-0

[Event "World Blitz 2016"]
[Site "Doha QAT"]
[Date "2016.12.30"]
[Round "16.34"]
[White "Banikas, Hristos"]
[Black "Perez Ponsa, Federico"]
[Result "0-1"]
[WhiteTitle "GM"]
[BlackTitle "GM"]
[WhiteElo "2568"]
[BlackElo "2585"]
[WhiteFideId "4202031"]
[BlackFideId "117927"]
[EventDate "2016.12.29"]

1. Nf3 g6 2. d4 Bg7 3. g3 Nf6 4. Bg2 O-O 5. O-O d5 6. Nbd2 c6 7. b3 Bf5 8. Bb2
Ne4 9. c4 Nd7 10. Nh4 Nxd2 11. Qxd2 Be6 12. e4 dxe4 13. Bxe4 Bh3 14. Rfe1 Nf6
15. Bh1 a5 16. Ng2 a4 17. Nf4 Bf5 18. Qb4 g5 19. Ng2 axb3 20. axb3 Rxa1 21. Bxa1
Be4 22. Ne3 Bxh1 23. Kxh1 Qd7 24. d5 Ra8 25. Kg2 Ra2 26. Bxf6 Bxf6 27. Rd1 Qc7
28. Rd3 Qe5 29. c5 Qb2 30. Ng4 Kg7 31. d6 h5 32. dxe7 hxg4 33. Rd2 Qxd2 34. Qxd2
Rxd2 35. e8=Q Bd4 36. h4 Rxf2+ 37. Kh1 Rf1+ 38. Kg2 Rf2+ 39. Kh1 gxh4 40. gxh4
g3 41. Qe4 Rh2# 0-1

[Event "World Blitz 2016"]
[Site "Doha QAT"]
[Date "2016.12.30"]
[Round "16.35"]
[White "Pichot, Alan"]
[Black "Tari, Aryan"]
[Result "1-0"]
[WhiteTitle "GM"]
[BlackTitle "GM"]
[WhiteElo "2544"]
[BlackElo "2584"]
[WhiteFideId "110973"]
[BlackFideId "1510045"]
[EventDate "2016.12.29"]

1. e4 e5 2. Nf3 Nc6 3. Bb5 a6 4. Ba4 Nf6 5. O-O Be7 6. Re1 b5 7. Bb3 d6 8. c3
O-O 9. h3 Na5 10. Bc2 c5 11. d4 Nd7 12. a4 Rb8 13. axb5 axb5 14. Nbd2 exd4 15.
cxd4 Nc6 16. e5 dxe5 17. dxe5 Nb6 18. Be4 Nb4 19. Qe2 N6d5 20. Nf1 Be6 21. Ng3
g6 22. Bh6 Re8 23. Rad1 Qc7 24. h4 Bf8 25. Bxf8 Rxf8 26. h5 Qe7 27. Qd2 Kg7 28.
h6+ Kh8 29. Bxd5 Bxd5 30. Qf4 Rbd8 31. Ng5 Be6 32. N3e4 Nd3 33. Rxd3 Rxd3 34.
Nxc5 Rdd8 35. Ra1 Bf5 36. b4 f6 37. Nf3 fxe5 38. Nxe5 Rde8 39. Nf3 Qf6 40. Ra7
Re7 41. Rxe7 Qxe7 42. Qd4+ Kg8 43. Ne5 Rd8 44. Qf4 Be6 45. Nc6 Rd1+ 46. Kh2 Qd6
47. Nxe6 Qxe6 48. Qb8+ Kf7 49. Nd8+ Rxd8 50. Qxd8 Qe5+ 51. g3 Qh5+ 52. Kg2 Qxh6
53. Qd7+ Kf6 54. Qxb5 Qd2 55. Qc6+ Kg5 56. b5 h5 57. b6 h4 58. b7 h3+ 59. Kxh3
Qxf2 60. b8=Q Qf5+ 61. Kh2 Qf2+ 62. Qg2 1-0

[Event "World Blitz 2016"]
[Site "Doha QAT"]
[Date "2016.12.30"]
[Round "16.37"]
[White "Salinas Herrera, Pablo"]
[Black "Grandelius, Nils"]
[Result "0-1"]
[WhiteTitle "IM"]
[BlackTitle "GM"]
[WhiteElo "2466"]
[BlackElo "2643"]
[WhiteFideId "3407128"]
[BlackFideId "1710400"]
[EventDate "2016.12.29"]

1. e4 c5 2. Nf3 d6 3. Bb5+ Nd7 4. O-O a6 5. Bd3 Ngf6 6. Re1 g6 7. c3 Bg7 8. a4
b6 9. Bc2 O-O 10. d4 e6 11. h3 Bb7 12. Bf4 Qb8 13. Bh2 Rd8 14. Na3 cxd4 15. cxd4
Ne8 16. Rc1 Qa7 17. b4 Rac8 18. Bb3 Qa8 19. Rxc8 Rxc8 20. Qd3 Ndf6 21. Nd2 d5
22. e5 Ne4 23. Nab1 Bf8 24. Nxe4 dxe4 25. Qd2 Bd5 26. Bd1 Rc4 27. Rf1 Bxb4 28.
Qe3 Qc6 29. Be2 Rc2 30. Bxa6 Qxa4 31. Be2 Rb2 32. Rc1 Qa2 33. Nc3 Bxc3 34. Qxc3
Rxe2 35. Qc8 Qa4 36. Bg3 Kg7 37. Bh4 h6 38. Qd8 g5 39. Bxg5 hxg5 40. Qxg5+ Kf8
41. Rc8 Qd7 42. Rd8 Qc7 43. h4 e3 44. Qh6+ Ke7 45. Qg5+ f6 46. Rxe8+ Kxe8 47.
Qh5+ Qf7 48. Qxe2 exf2+ 49. Qxf2 fxe5 0-1

[Event "World Blitz 2016"]
[Site "Doha QAT"]
[Date "2016.12.30"]
[Round "16.38"]
[White "Halkias, Stelios"]
[Black "Zhigalko, Sergei"]
[Result "0-1"]
[WhiteTitle "GM"]
[BlackTitle "GM"]
[WhiteElo "2585"]
[BlackElo "2671"]
[WhiteFideId "4201809"]
[BlackFideId "13502956"]
[EventDate "2016.12.29"]

1. d4 Nf6 2. Nf3 e6 3. e3 b6 4. Bd3 Bb7 5. O-O d5 6. b3 Bd6 7. Bb2 O-O 8. c4
Nbd7 9. Nc3 a6 10. Rc1 Ne4 11. Ne2 Qe7 12. Ng3 f5 13. Ne5 Nxe5 14. dxe5 Bc5 15.
cxd5 exd5 16. Ne2 a5 17. Kh1 Qh4 18. Bxe4 fxe4 19. Nf4 Rxf4 20. exf4 d4 21. b4
axb4 22. Qb3+ Kh8 23. Qf7 Ba6 24. Qd5 Rf8 25. Qxe4 Bxf1 26. Rxf1 Qxf4 27. Qe2
Qf5 28. e6 d3 29. Qd2 Qxe6 30. Qxd3 Qxa2 31. Be5 Qf7 32. f4 Kg8 33. Rf3 Bd6 34.
Bxd6 Rd8 35. h3 Rxd6 36. Qe4 b3 37. Rxb3 Rd8 38. Re3 h6 39. Qe5 c5 40. Ra3 Qf6
41. Qe4 Qd4 42. Qe6+ Kh8 43. Rf3 c4 44. Qc6 Qc5 45. Qxc5 bxc5 46. Rc3 Rd4 47. g3
Kg8 48. Kg2 Kf7 49. Kf3 Ke6 50. Ke3 Kd5 51. Ra3 Re4+ 52. Kf3 Re1 53. Ra7 c3 54.
Ra2 Kc4 55. Ra4+ Kb3 56. Ra5 Kb4 57. Ra2 Kb3 58. Ra5 c2 59. Rb5+ Kc4 0-1

[Event "World Blitz 2016"]
[Site "Doha QAT"]
[Date "2016.12.30"]
[Round "16.39"]
[White "Svane, Rasmus"]
[Black "Borisek, Jure"]
[Result "1-0"]
[WhiteTitle "GM"]
[BlackTitle "GM"]
[WhiteElo "2555"]
[BlackElo "2561"]
[WhiteFideId "4657101"]
[BlackFideId "14603152"]
[EventDate "2016.12.29"]

1. Nf3 c5 2. c4 Nc6 3. d4 cxd4 4. Nxd4 Qb6 5. Nb3 e6 6. Nc3 Nf6 7. a3 Be7 8. e4
O-O 9. Be2 Qc7 10. O-O b6 11. Be3 Bb7 12. Rc1 d6 13. Qd2 Rad8 14. f3 Qb8 15.
Rfd1 Rfe8 16. Bf1 Nd7 17. Nd4 Nc5 18. Qc2 Bf8 19. b4 Nd7 20. Qf2 Rc8 21. Qd2
Nce5 22. Ndb5 Nxc4 23. Bxc4 Rxc4 24. Nxd6 Bxd6 25. Qxd6 Qxd6 26. Rxd6 Nb8 27.
Nb5 Rxc1+ 28. Bxc1 Nc6 29. Rd7 Rd8 30. Rxd8+ Nxd8 31. Nxa7 Nc6 32. Nb5 Ba6 33.
Nd6 Bd3 34. b5 Na7 35. a4 Bc2 36. a5 bxa5 37. Be3 1-0

[Event "World Blitz 2016"]
[Site "Doha QAT"]
[Date "2016.12.30"]
[Round "16.40"]
[White "Atabayev, Yusup"]
[Black "Anton Guijarro, David"]
[Result "1-0"]
[WhiteTitle "IM"]
[BlackTitle "GM"]
[WhiteElo "2473"]
[BlackElo "2650"]
[WhiteFideId "14001128"]
[BlackFideId "2285525"]
[EventDate "2016.12.29"]

1. e4 e5 2. Nc3 Nf6 3. g3 Bc5 4. Bg2 d6 5. h3 O-O 6. Nge2 c6 7. O-O Re8 8. d4
Bb6 9. Be3 Nbd7 10. g4 h6 11. Ng3 Nf8 12. Qd2 Ne6 13. Nf5 Nh7 14. Rad1 Bc7 15.
d5 Nf4 16. Bxf4 exf4 17. Qxf4 Bxf5 18. exf5 c5 19. Rfe1 Rxe1+ 20. Rxe1 Ba5 21.
Qg3 Kf8 22. Re2 Bxc3 23. Qxc3 Nf6 24. f4 Nd7 25. Qe3 Qf6 26. c3 Nb6 27. g5 hxg5
28. fxg5 Qxf5 29. Qe7+ Kg8 30. Qe8+ Rxe8 31. Rxe8+ Kh7 32. Be4 Qxe4 33. Rxe4
Nxd5 34. Re8 Kg6 35. Rd8 Kxg5 36. Rxd6 Nb6 37. Rd8 Kf4 38. Rb8 f5 39. Rxb7 g5
40. Rxa7 Nc4 41. b3 Nd2 42. b4 cxb4 43. cxb4 1-0

[Event "World Blitz 2016"]
[Site "Doha QAT"]
[Date "2016.12.30"]
[Round "16.41"]
[White "Al-Sayed, Mohammed"]
[Black "Quparadze, Giga"]
[Result "1-0"]
[WhiteTitle "GM"]
[BlackTitle "IM"]
[WhiteElo "2508"]
[BlackElo "2481"]
[WhiteFideId "12100196"]
[BlackFideId "13602250"]
[EventDate "2016.12.29"]

1. d4 Nf6 2. Nf3 e6 3. Bg5 c5 4. c3 h6 5. Bxf6 Qxf6 6. e3 b6 7. Nbd2 Bb7 8. Bd3
Qd8 9. Qe2 Be7 10. O-O-O Nc6 11. h4 Qc7 12. Kb1 d5 13. g4 c4 14. Bc2 b5 15. e4
O-O-O 16. exd5 exd5 17. g5 b4 18. gxh6 Rxh6 19. cxb4 Nxb4 20. Bf5+ Kb8 21. a3
Nc6 22. Ka1 Bf6 23. Nb1 Rhh8 24. Nc3 Rhe8 25. Qd2 a6 26. h5 Ka7 27. h6 gxh6 28.
Rxh6 Be7 29. Rh7 Na5 30. Bc2 Bd6 31. Ne5 Bxe5 32. dxe5 Rxe5 33. Qd4+ Ka8 34.
Rxf7 Qxf7 35. Qxe5 Nc6 36. Qg3 d4 37. Na4 d3 38. Bb1 Nd4 39. Ba2 Nc2+ 40. Kb1
Ka7 41. f4 Bc6 42. Qf2+ Nd4 43. Nc3 Be8 44. Rxd3 Qf6 45. Bxc4 Bg6 46. f5 Qxf5
47. Qg1 Qf6 48. Ka2 Bxd3 49. Bxd3 Qf7+ 50. Kb1 Rd7 51. Qe3 Qf3 52. Qxf3 Nxf3 53.
Bf5 Rf7 54. Be6 Rf6 55. Bd5 Nd4 56. Ka2 Rf2 57. a4 Nc2 58. Kb3 Nd4+ 59. Kc4 Nf5
60. b4 Ne3+ 61. Kd4 Nxd5 62. Kxd5 Rf4 63. Kc5 Rf5+ 64. Nd5 Kb7 65. Kd6 Rh5 66.
Kc5 Rh6 67. b5 a5 68. Kc4 Rh4+ 69. Kb3 Re4 70. Nc3 Rb4+ 71. Ka3 Rd4 72. Kb3 Kb6
73. Ne2 Rd3+ 74. Kc4 Re3 75. Nc3 Re4+ 76. Nxe4 1-0

[Event "World Blitz 2016"]
[Site "Doha QAT"]
[Date "2016.12.30"]
[Round "16.42"]
[White "Ghaem Maghami, Ehsan"]
[Black "Potapov, Pavel"]
[Result "1/2-1/2"]
[WhiteTitle "GM"]
[BlackTitle "GM"]
[WhiteElo "2574"]
[BlackElo "2493"]
[WhiteFideId "12500739"]
[BlackFideId "4169786"]
[EventDate "2016.12.29"]

1. Nf3 f5 2. g3 Nf6 3. Bg2 g6 4. O-O Bg7 5. c4 d6 6. d4 O-O 7. Nc3 c6 8. Re1 Ne4
9. Qb3 Kh8 10. Bf4 Na6 11. Rad1 Nxc3 12. Qxc3 Nc5 13. Qc1 Ne4 14. Bh6 Be6 15.
Bxg7+ Kxg7 16. b3 Bf7 17. Qe3 Re8 18. h4 Nf6 19. Ng5 Qc8 20. Nxf7 Kxf7 21. Qh6
Kg8 22. e4 fxe4 23. Bxe4 Qg4 24. Bg2 Qf5 25. Qe3 e5 26. dxe5 Rxe5 27. Qd2 Rae8
28. Rxe5 dxe5 29. Qg5 e4 30. Rd6 Kf7 31. Qe3 Ng4 32. Qd4 Re7 33. Bh3 e3 34. Bxg4
Qxf2+ 35. Kh1 Qf1+ 36. Kh2 Qf2+ 37. Kh1 1/2-1/2

[Event "World Blitz 2016"]
[Site "Doha QAT"]
[Date "2016.12.30"]
[Round "16.43"]
[White "Agdestein, Simen"]
[Black "Adhiban, Baskaran"]
[Result "1-0"]
[WhiteTitle "GM"]
[BlackTitle "GM"]
[WhiteElo "2602"]
[BlackElo "2666"]
[WhiteFideId "1500015"]
[BlackFideId "5018471"]
[EventDate "2016.12.29"]

1. c4 Nf6 2. Nc3 g6 3. e4 d6 4. d4 Bg7 5. Bd3 O-O 6. Nge2 c5 7. d5 e6 8. O-O
exd5 9. cxd5 Nbd7 10. Ng3 Ne5 11. Be2 h5 12. h3 a6 13. a4 Rb8 14. f4 Neg4 15. e5
dxe5 16. f5 e4 17. Bf4 Bd7 18. hxg4 Nxg4 19. Bxg4 Bd4+ 20. Kh2 hxg4 21. Qxg4 Kg7
22. Nh5+ Kh7 23. Qh3 Kg8 24. Ng3 b5 25. Ncxe4 Re8 26. Ng5 Qf6 27. Qh7+ Kf8 28.
fxg6 1-0

[Event "World Blitz 2016"]
[Site "Doha QAT"]
[Date "2016.12.30"]
[Round "16.44"]
[White "Hirneise, Tobias"]
[Black "Bindrich, Falko"]
[Result "0-1"]
[WhiteTitle "IM"]
[BlackTitle "GM"]
[WhiteElo "2466"]
[BlackElo "2590"]
[WhiteFideId "24600881"]
[BlackFideId "4676670"]
[EventDate "2016.12.29"]

1. e4 e5 2. Nf3 Nc6 3. Bb5 a6 4. Ba4 Nf6 5. O-O Be7 6. Re1 b5 7. Bb3 d6 8. c3
O-O 9. h3 Na5 10. Bc2 c5 11. d4 Qc7 12. Nbd2 cxd4 13. cxd4 Nc6 14. Nb3 a5 15.
Be3 a4 16. Nbd2 Bd7 17. a3 Rfc8 18. Bd3 Qb7 19. b4 exd4 20. Nxd4 Ne5 21. Bf1
Rab8 22. f3 Bd8 23. Rc1 Bb6 24. Nb1 Rxc1 25. Qxc1 d5 26. exd5 Nxd5 27. Bf2 Rc8
28. Qg5 f6 29. Qg3 Ba7 30. Nd2 Nc3 31. Ne4 Nxe4 32. Rxe4 Rc1 33. Ne2 Ra1 34. Bc5
Qc7 35. Qf2 Nd3 36. Qd4 Nxc5 0-1

[Event "World Blitz 2016"]
[Site "Doha QAT"]
[Date "2016.12.30"]
[Round "16.45"]
[White "Aleksandrov, Aleksej"]
[Black "Sanal, Vahap"]
[Result "1-0"]
[WhiteTitle "GM"]
[BlackTitle "GM"]
[WhiteElo "2574"]
[BlackElo "2474"]
[WhiteFideId "13500139"]
[BlackFideId "6300545"]
[EventDate "2016.12.29"]

1. d4 Nf6 2. c4 e6 3. Nc3 Bb4 4. e3 O-O 5. Bd3 c5 6. Nf3 d5 7. O-O Nc6 8. cxd5
exd5 9. dxc5 Bxc5 10. b3 Bg4 11. Bb2 a6 12. h3 Bh5 13. Be2 Re8 14. Nh4 Bg6 15.
Nxg6 hxg6 16. Bf3 Ne7 17. Qd3 Qd7 18. Rfd1 Red8 19. Rac1 Ba7 20. Ne2 Rac8 21.
Rxc8 Qxc8 22. g4 Nc6 23. Kg2 Ne4 24. Nf4 Nb4 25. Qb1 Ng5 26. Nxd5 Nxd5 27. Bxd5
Rd7 28. Qd3 Re7 29. Qxg6 Ne6 30. Bxe6 fxe6 31. Bf6 Qc6+ 32. Kg1 Qe8 33. Qxe8+
Rxe8 34. Be5 Re7 35. Kg2 Kh7 36. Kf3 b5 37. Ke4 a5 38. Rd6 Bc5 39. Rc6 Bb4 40.
Rc7 Re8 41. Rxg7+ Kh6 42. f4 a4 43. g5+ Kh5 44. Rh7+ Kg6 45. Rh6+ Kf7 46. g6+
Ke7 47. Rh7+ Kd8 48. g7 1-0

[Event "World Blitz 2016"]
[Site "Doha QAT"]
[Date "2016.12.30"]
[Round "16.46"]
[White "Neelotpal, Das"]
[Black "Venkatesh, M.R."]
[Result "1-0"]
[WhiteTitle "GM"]
[BlackTitle "GM"]
[WhiteElo "2463"]
[BlackElo "2439"]
[WhiteFideId "5003512"]
[BlackFideId "5005779"]
[EventDate "2016.12.29"]

1. Nf3 d5 2. c4 d4 3. e3 c5 4. b4 f6 5. bxc5 Nc6 6. exd4 Nxd4 7. Nxd4 Qxd4 8.
Nc3 e5 9. Be2 Bxc5 10. O-O Ne7 11. Bb2 Qh4 12. Bh5+ Ng6 13. Bf3 O-O 14. g3 Qh3
15. Ne4 Bd4 16. Bxd4 exd4 17. Bg2 Qd7 18. f4 Qc7 19. d3 Ne7 20. Qb3 Nf5 21. Rfe1
Ne3 22. Bh1 Kh8 23. Qb2 Rd8 24. c5 Rb8 25. Rac1 Bd7 26. Nd6 Bc6 27. Qxd4 Nf5 28.
Qc4 Nxd6 29. cxd6 Qxd6 30. Bxc6 bxc6 31. Re6 Qxd3 32. Re8+ Rxe8 33. Qxd3 Rb2 34.
Rc2 Rb1+ 35. Kg2 h6 36. Re2 Reb8 37. Qg6 R1b2 38. Qe4 c5 39. Kf3 a5 40. Rc2 R2b4
41. Qd5 Rd4 42. Qxc5 Rd3+ 43. Kg4 Rbd8 44. Qxa5 R8d5 45. Qa8+ Kh7 46. Qe8 h5+
47. Kh3 Rd1 48. Rc8 R1d2 1-0

[Event "World Blitz 2016"]
[Site "Doha QAT"]
[Date "2016.12.30"]
[Round "16.47"]
[White "Kayumov, Sergey"]
[Black "Saeed, Ishaq"]
[Result "1-0"]
[WhiteTitle "GM"]
[BlackTitle "FM"]
[WhiteElo "2505"]
[BlackElo "2312"]
[WhiteFideId "14200880"]
[BlackFideId "9301453"]
[EventDate "2016.12.29"]

1. Nf3 Nf6 2. b3 e6 3. Bb2 b6 4. g3 Bb7 5. Bg2 Be7 6. O-O O-O 7. d3 d6 8. Nbd2
Nbd7 9. e4 e5 10. Nc4 Re8 11. Ne3 Bf8 12. Ng5 h6 13. Nh3 a5 14. a3 a4 15. b4 g6
16. f4 Bg7 17. Rb1 Nf8 18. Kh1 Ne6 19. fxe5 dxe5 20. Bxe5 Nd4 21. Bxf6 Bxf6 22.
Ng4 Bg7 23. Qd2 g5 24. Ne3 Qd7 25. Qf2 Re5 26. Ng1 Rae8 27. Nf3 Nxf3 28. Bxf3
Qd4 29. Nf5 Qxf2 30. Rxf2 Bf8 31. Kg2 R5e6 32. Bh5 Rd8 33. Rbf1 Rd7 34. Kg1 c5
35. b5 c4 36. Rf3 cxd3 37. cxd3 Bxa3 38. Ne3 Bc5 39. Bxf7+ Rxf7 40. Rxf7 Bxe3+
41. Kg2 Bc5 42. Rxb7 a3 43. Ra7 Rd6 44. Rd1 Rd4 45. Kf3 Rb4 46. Rxa3 Rxb5 47.
Ra7 h5 48. e5 Bd4 49. Ke4 Bxe5 50. d4 Bd6 51. Rc1 Bf8 52. Rc8 Rb1 53. d5 b5 54.
Kf5 b4 55. Kg6 Rf1 56. Rb7 Rf3 57. d6 b3 58. d7 Rf7 59. d8=Q 1-0

[Event "World Blitz 2016"]
[Site "Doha QAT"]
[Date "2016.12.30"]
[Round "16.48"]
[White "Hirneise, Jens"]
[Black "Howell, David W L"]
[Result "1-0"]
[WhiteTitle "FM"]
[BlackTitle "GM"]
[WhiteElo "2315"]
[BlackElo "2644"]
[WhiteFideId "24614734"]
[BlackFideId "410608"]
[EventDate "2016.12.29"]

1. e4 g6 2. d4 Bg7 3. Nc3 d6 4. Be3 Nd7 5. Qd2 c6 6. h3 b5 7. Bd3 Bb7 8. f4 Ngf6
9. e5 b4 10. Ne4 Nxe4 11. Bxe4 a5 12. Nf3 Nb6 13. b3 Nd5 14. O-O O-O 15. Kh2 Qc7
16. a3 Nxe3 17. Qxe3 d5 18. Bd3 c5 19. dxc5 Rfc8 20. axb4 axb4 21. Rxa8 Rxa8 22.
Qd4 Qa5 23. f5 Qc7 24. fxg6 hxg6 25. Kh1 e6 26. Qh4 Bxe5 27. Ng5 f5 28. Nxe6 Qh7
29. Qe1 Bc3 30. Qg3 Kh8 31. Ng5 Qh5 32. Nf7+ Kh7 33. Qc7 1-0

[Event "World Blitz 2016"]
[Site "Doha QAT"]
[Date "2016.12.30"]
[Round "16.49"]
[White "Zhang, Zhong"]
[Black "Debashis, Das"]
[Result "0-1"]
[WhiteTitle "GM"]
[BlackTitle "GM"]
[WhiteElo "2645"]
[BlackElo "2472"]
[WhiteFideId "8600694"]
[BlackFideId "5024854"]
[EventDate "2016.12.29"]

1. e4 c5 2. Nf3 d6 3. Bb5+ Bd7 4. Bxd7+ Qxd7 5. O-O Nf6 6. Qe2 Nc6 7. Rd1 g5 8.
c3 g4 9. Nh4 Qe6 10. d3 d5 11. Re1 O-O-O 12. Nd2 dxe4 13. Nxe4 Nxe4 14. dxe4 Rg8
15. Bf4 Bh6 16. Bxh6 Qxh6 17. Nf5 Qf4 18. Rad1 h5 19. g3 Qc7 20. Rxd8+ Rxd8 21.
Rd1 e6 22. Ne3 Ne5 23. Rxd8+ Qxd8 24. h3 Nf3+ 25. Kg2 gxh3+ 26. Kh1 Qf6 27. Qb5
b6 28. Qc6+ Kb8 29. Nd5 Qd8 30. Ne3 Ne5 31. Qb5 Kc7 32. Kh2 Qd2 33. Qf1 Ng4+ 34.
Kxh3 Nxf2+ 35. Kg2 Nxe4+ 36. Kf3 f5 37. Nc4 Ng5# 0-1